000 00283nam a22001217a 4500
008 230623b xxu||||| |||| 00| 0 eng d
082 _a330.96
_bNAM 1990
245 _aNamibia Brief
260 _aNamibia
_bNamibia Foundation
_c1990
300 _a47p
440 _n12
942 _2ddc
_cBK
999 _c2551
_d2551